| 000 | 00803cam a2200217 4500 | ||
|---|---|---|---|
| 001 | WB3544-24 | ||
| 008 | 000000n1999 000 0 eng u | ||
| 035 | _a(Sirsi) u101819 | ||
| 245 | _aTenants market emerges | ||
| 260 | _c1999 | ||
| 490 |
_aRICS Press Release _v(pr250) 16 November 1999 (2) |
||
| 520 | _aThe latest RICS residential lettings survey indicates that rents continued to fall during the three months to October 1999. Copies of the survey available from RICS Library, annual subscription £120. | ||
| 590 | _aWB | ||
| 650 | _aRESIDENTIAL LETTINGS | ||
| 650 | _aRICS SURVEY | ||
| 650 | _aBUY-TO-LET | ||
| 650 | _aPRIVATE RENTED SECTOR | ||
| 650 | _aLETTINGS MARKET | ||
| 690 | _aPROPERTY-RESIDENTIAL PROPERTY-RESIDENTIAL LANDLORD AND TENANT-RESIDENTIAL TENANCIES | ||
| 942 | _n0 | ||
| 999 |
_c60931 _d60931 |
||